000
00245nam a22001097a 4500
008
140103t xxu||||| |||| 00| 0 eng d
020
_a
969-35-0867-x
100
_a
Bano Qudsiya
_9
498
245
_a
Tawaja key talib
300
_a
000
942
_2
ddc
_c
BK
999
_c
16770
_d
16770